000 01031nab a2200241 i 4500
001 768714001
003 CO-MdFUSB
005 20240704110406.0
008 240704t1995 sz ||||| |||| 00| 0 eng d
040 _bspa
_cCO-MdFUSB
_dCO-MdFUSB
041 _aeng
100 _aOpočenská, Jana,
_eautor
245 _aA Piece of God's intended world
_c/ Jana Opočenská
520 _aEl poder misericordioso de Dios obra en y a través de la energía humana positiva para el cambio. El proyecto de Dios para el nuevo mundo necesita desesperadamente la cooperación de cada uno de nosotros en el lugar donde estamos plantados.
546 _aTexto en inglés.
650 7 _aDios
_9178
650 7 _aFe
_9531
650 7 _aAmor
_xAspectos religiosos
_vCristianismo
_9255
650 7 _aHermenéutica bíblica
_97333
773 0 _049396
_959540
_dGinebra
_oR1137
_tReformed World
_w(CO-MdFUSB)38
_x0034-3056
_gVolumen 45, (número 1, 1995) páginas: 41 - 43
_qpágina: 41
942 _cANA
945 _aCatherine Arias Álvarez - Practicante SENA
999 _c70436
_d70436